000 01161nam a2200265 i 4500
001 bg
245 7 0 _aTechnologie małoodpadowe i produkty bezpieczne dla środowiska =
_bLow-waste technology and environmentally sound products : materiały z seminarium EKG ONZ (WArszawa, 24-27 maja 1993 r.) = documnets of UN/ECE seminar (Warsaw, 24-27 May 1993) /
_c[pod red. Janusza Żurka] ; Instytut Ochrony Środowiska.
246 1 1 _aLow-waste technology and environmentally sound products
_bdocumnets of UN/ECE seminar (Warsaw, 24-27 May 1993)
260 _aWarszawa :
_bGEA :
_bIOŚ,
_c1993.
300 _a308 s :
_brys. ;
_c30 cm.
650 9 _aŚrodowisko człowieka
_xochrona
650 9 _aEkologia
_xzagadnienia
650 9 _aTechnologia
_xzagadnienia
650 9 _aOdpady
_xzagadnienia
655 _aMateriały konferencyjne
700 1 _aŻUREK, Janusz.
_eRed.
020 _a8390086301
040 _cBPK
041 1 _apl
080 _a504.03:628.5](061.3)
920 _a83-900863-0-1
942 _cKS
008 s pl f |000 0 pol
856 _uhttp://koha.tu.koszalin.pl/cgi-bin/koha/opac-detail.pl?biblionumber=30425
_yKatalog online BPK
999 _c30425
_d30425